Statistics for Five Longest Rivers by Continent

Click here to take the quiz!

General Stats

  • This quiz has been taken 763 times
  • The average score is 13 of 29

Answer Stats

Continent Length River % Correct
Africa6,853Nile
98%
South America6,992Amazon
95%
North America6,275Mississippi
93%
Europe2,888Danube
90%
Asia5,464Yellow
87%
Europe3,645Volga
85%
Africa4,700Congo
80%
Asia6,300Yangtze
75%
Africa4,200Niger
67%
Africa2,693Zambezi
60%
North America3,057Rio Grande
57%
Oceania3,672Murray
49%
North America3,185Yukon
43%
Asia5,410Ob
43%
North America3,058St. Lawrence
41%
South America4,880Paraná
35%
Asia4,444Amur
32%
North America4,241Mackenzie
31%
Europe1,870Don
28%
Europe2,287Dnieper
25%
Asia5,539Yenisei
24%
Europe2,248Ural
19%
South America3,650Tocantins
10%
South America3,380Madeira
8%
South America3,211Purús
7%
Africa2,270Ubangi
5%
Oceania1,420Cooper
4%
Oceania1,600Murrumbidgee
3%
Oceania1,400Warburton
2%

Score Distribution

Percentile by Number Answered

Percent of People with Each Score

Your Score History

You have not taken this quiz